Anteproyecto de regiones naturales y nuevo plan vial para Centroamérica
Estudio preparado para la segunda etapa del plan vial centroamericano en 1966. Plantea la necesidad de un plan vial que no sólo una a las ciudades sino a las regiones, define el concepto de región y delimita las regiones naturales del área conforme a una serie de factores: geográficos, de comunicaci...
Wedi'i Gadw mewn:
| Awdur Corfforaethol: | |
|---|---|
| Fformat: | Texto |
| Cyhoeddwyd: |
Guatemala:
SIECA
|
| Pynciau: | |
| Tagiau: |
Ychwanegu Tag
Dim Tagiau, Byddwch y cyntaf i dagio'r cofnod hwn!
|
MARC
| LEADER | 00000 a a2200000 04500 | ||
|---|---|---|---|
| 001 | 19962 | ||
| 003 | |||
| 040 | |||
| 090 | |a 081300 | ||
| 110 | |a SIECA | ||
| 245 | |a Anteproyecto de regiones naturales y nuevo plan vial para Centroamérica | ||
| 260 | |a Guatemala: |b SIECA | ||
| 300 | |a 17 p. | ||
| 520 | |a Estudio preparado para la segunda etapa del plan vial centroamericano en 1966. Plantea la necesidad de un plan vial que no sólo una a las ciudades sino a las regiones, define el concepto de región y delimita las regiones naturales del área conforme a una serie de factores: geográficos, de comunicación, superficie, climáticos, morfológicos e hidrológicos./ACM | ||
| 650 | |a PROYECTOS DE DESARROLLO | ||
| 650 | |a TRANSPORTE POR CARRETERA | ||
| 650 | |a CONSTRUCCION VIAL | ||
| 650 | |a PUB. SIECA | ||
| 999 | |c 16273 |d 16273 | ||
